[Event "ISR-ch op"]
[Site "Safed"]
[Date "2021.12.15"]
[Round "8"]
[White "Zalkind, Konstantin"]
[Black "Guz, Ari"]
[Result "0-1"]
[WhiteElo "2115"]
[BlackElo "2310"]
[PlyCount "72"]
[EventDate "2021.12.08"]
[EventType "swiss"]
[EventRounds "9"]
[EventCountry "ISR"]
[SourceTitle "CBM 205 Extra"]
[Source "ChessBase"]
[SourceDate "2022.01.31"]
[SourceVersion "1"]
[SourceVersionDate "2022.01.31"]
[SourceQuality "1"]

1. d4 Nf6 2. Nf3 d5 3. c4 e6 4. Nc3 a6 5. cxd5 exd5 6. Bg5 Be7 7. e3 0-0 8. Bd3 c6 9. h3 Re8 10. Qc2 h6 11. Bf4 Bd6 12. Bxd6 Qxd6 13. 0-0 Be6 14. Na4 Nbd7 15. Nc5 b6 16. Nxa6 c5 17. Bb5 Rec8 18. Qe2 Ne4 19. Nd2 Ndf6 20. Rfc1 c4 21. Nxe4 Nxe4 22. f3 Nf6 23. b3 Qa3 24. bxc4 Rxa6 25. Bxa6 Qxa6 26. Qb2 dxc4 27. e4 b5 28. d5 Bd7 29. Qd4 Nh5 30. e5 Qg6 31. Re1 Qg5 32. g4 Qh4 33. Re2 g5 34. Qa7 Nf4 35. Qxd7 Qg3+ 36. Kf1 Qxf3+ 0-1

[Event "ISR-ch op"]
[Site "Safed"]
[Date "2021.12.14"]
[Round "7"]
[White "Mamantov, Margarita"]
[Black "Zalkind, Konstantin"]
[Result "0-1"]
[WhiteElo "2038"]
[BlackElo "2115"]
[PlyCount "118"]
[EventDate "2021.12.08"]
[EventType "swiss"]
[EventRounds "9"]
[EventCountry "ISR"]
[SourceTitle "CBM 205 Extra"]
[Source "ChessBase"]
[SourceDate "2022.01.31"]
[SourceVersion "1"]
[SourceVersionDate "2022.01.31"]
[SourceQuality "1"]

1. e4 c5 2. Nf3 a6 3. d4 cxd4 4. Nxd4 Nf6 5. Nc3 e5 6. Nf3 Bb4 7. Qd3 0-0 8. Bg5 Nc6 9. Nd2 h6 10. Bxf6 Qxf6 11. Nd5 Qd8 12. Nxb4 Nxb4 13. Qc3 a5 14. Bc4 d5 15. exd5 Bf5 16. 0-0 Qd6 17. Qf3 Bxc2 18. a3 Na6 19. Rfe1 Rfe8 20. Qc3 Bf5 21. Qxa5 Nc7 22. Qc3 b5 23. Bb3 Nxd5 24. Qf3 Nf4 25. Ne4 Qg6 26. Ng3 Bg4 27. Qe4 Qf6 28. Rac1 Rad8 29. Rc6 Rd6 30. Rxd6 Qxd6 31. h3 Bc8 32. Nf5 Qg6 33. Ng3 Qf6 34. Rc1 g6 35. Rc6 Be6 36. Ne2 Qf5 37. Qxf5 Nxe2+ 38. Kf1 gxf5 39. Bxe6 Nd4 40. Rc8 Kf8 41. Rxe8+ Kxe8 42. Bd5 f6 43. g4 Ke7 44. gxf5 Nxf5 45. Ke2 Kd6 46. Be4 Ne7 47. Bd3 Kc5 48. Ke3 f5 49. f3 Nd5+ 50. Kd2 f4 51. Be4 Nb6 52. b3 b4 53. axb4+ Kxb4 54. Bc2 Nd7 55. Kd3 Nc5+ 56. Kd2 Ne6 57. Ke2 Kc3 58. Bd1 Nd4+ 59. Kf2 Kd2 0-1

[Event "ISR-ch op"]
[Site "Safed"]
[Date "2021.12.09"]
[Round "2"]
[White "Zalkind, Konstantin"]
[Black "Kupervaser, Erez"]
[Result "0-1"]
[WhiteElo "2115"]
[BlackElo "2371"]
[PlyCount "44"]
[EventDate "2021.12.08"]
[EventType "swiss"]
[EventRounds "9"]
[EventCountry "ISR"]
[SourceTitle "CBM 205 Extra"]
[Source "ChessBase"]
[SourceDate "2022.01.31"]
[SourceVersion "1"]
[SourceVersionDate "2022.01.31"]
[SourceQuality "1"]

1. c4 e5 2. Nc3 Nc6 3. Nf3 g6 4. g3 Bg7 5. Bg2 Nge7 6. 0-0 0-0 7. d3 d6 8. Rb1 a5 9. a3 h6 10. b4 axb4 11. axb4 Be6 12. b5 Nd4 13. Ne1 c6 14. e3 Ndf5 15. Nc2 d5 16. bxc6 bxc6 17. cxd5 cxd5 18. Bb2 Qd7 19. Ne2 Rfc8 20. e4 dxe4 21. Bxe4 Rab8 22. Qd2 Ba2 0-1

[Event "Andorra op 36th"]
[Site "Escaldes"]
[Date "2018.07.25"]
[Round "5"]
[White "Berkovich, Mark A"]
[Black "Zalkind, Konstantin"]
[Result "1/2-1/2"]
[WhiteElo "2344"]
[BlackElo "2185"]
[PlyCount "60"]
[EventDate "2018.07.21"]
[EventType "swiss"]
[EventRounds "9"]
[EventCountry "AND"]
[SourceTitle "CBM 185 Extra"]
[Source "ChessBase"]
[SourceDate "2018.07.29"]
[SourceVersion "1"]
[SourceVersionDate "2018.07.29"]
[SourceQuality "1"]

1. c4 b6 2. d4 e6 3. Nf3 Bb7 4. g3 Nf6 5. Bg2 c5 6. d5 exd5 7. Nh4 Be7 8. cxd5 d6 9. Nc3 0-0 10. 0-0 Nbd7 11. Nf5 Ne5 12. f4 Ng6 13. e4 Ba6 14. Re1 b5 15. e5 Ne8 16. h4 Bc8 17. Nxe7+ Nxe7 18. Nxb5 Nf5 19. e6 Nc7 20. Nxc7 Qxc7 21. Kh2 Rb8 22. b3 fxe6 23. dxe6 Bb7 24. Bb2 Qe7 25. Bxb7 Rxb7 26. Qg4 c4 27. Qg5 Qe8 28. Bc3 Re7 29. bxc4 Rxe6 30. Qg4 Qf7 1/2-1/2

[Event "Andorra op 36th"]
[Site "Escaldes"]
[Date "2018.07.23"]
[Round "3"]
[White "Pena Gomez, Manuel"]
[Black "Zalkind, Konstantin"]
[Result "1-0"]
[WhiteElo "2475"]
[BlackElo "2185"]
[PlyCount "65"]
[EventDate "2018.07.21"]
[EventType "swiss"]
[EventRounds "9"]
[EventCountry "AND"]
[SourceTitle "CBM 185 Extra"]
[Source "ChessBase"]
[SourceDate "2018.07.29"]
[SourceVersion "1"]
[SourceVersionDate "2018.07.29"]
[SourceQuality "1"]

1. c4 e5 2. g3 d6 3. Bg2 g6 4. Nc3 Bg7 5. d3 Nc6 6. Rb1 a5 7. a3 Nge7 8. e3 Be6 9. Nd5 Qd7 10. Ne2 0-0 11. 0-0 f5 12. f4 Nc8 13. b4 axb4 14. axb4 Nd8 15. b5 c6 16. Ndc3 Ne7 17. Na4 Nc8 18. Qc2 Bf7 19. Bd2 Ne6 20. Bc3 c5 21. Bd5 Nd8 22. e4 Bxd5 23. cxd5 b6 24. Qb3 Nf7 25. Nb2 Re8 26. Nc4 fxe4 27. dxe4 exf4 28. Bxg7 Kxg7 29. Nxf4 Rxe4 30. Qf3 Rxf4 31. Qxf4 Ra2 32. Qf6+ Kg8 33. Rbe1 1-0

[Event "Kiryat Ono op 6th"]
[Site "Kiryat Ono"]
[Date "2015.07.09"]
[Round "5"]
[White "Zalkind, Konstantin"]
[Black "Friedland, Moshe"]
[Result "1-0"]
[WhiteElo "2249"]
[BlackElo "2007"]
[PlyCount "73"]
[EventDate "2015.07.05"]
[EventType "swiss"]
[EventRounds "5"]
[EventCountry "ISR"]
[SourceTitle "CBM 167 Extra"]
[Source "ChessBase"]
[SourceDate "2015.09.14"]
[SourceVersion "1"]
[SourceVersionDate "2015.09.14"]
[SourceQuality "1"]

1. d4 Nf6 2. Nf3 c5 3. d5 b5 4. Bg5 Ne4 5. Bf4 Bb7 6. e3 e6 7. dxe6 fxe6 8. Nbd2 Qb6 9. Be2 Nf6 10. 0-0 Be7 11. a4 a6 12. c3 d5 13. Qb3 c4 14. Qc2 Nbd7 15. a5 Qd8 16. h3 0-0 17. Nd4 Nc5 18. N2f3 Re8 19. Ne5 Rc8 20. Bh2 Nfd7 21. Bh5 Rf8 22. Bg4 Nxe5 23. Bxe5 Qd7 24. Rad1 Bd8 25. f4 g6 26. e4 Qe7 27. exd5 Bxd5 28. Rfe1 Nd3 29. Rxd3 cxd3 30. Qxd3 Bxa5 31. Nxe6 Bb6+ 32. Kh2 Bxe6 33. Bd6 Qxd6 34. Qxd6 Bxg4 35. Qxb6 Bd7 36. Re7 Rf7 37. Rxd7 1-0

[Event "EU-ch 16th"]
[Site "Jerusalem"]
[Date "2015.03.05"]
[Round "9"]
[White "Zalkind, Konstantin"]
[Black "Mordechai, Hanan"]
[Result "1-0"]
[WhiteElo "2222"]
[BlackElo "2331"]
[PlyCount "131"]
[EventDate "2015.02.24"]
[EventType "swiss"]
[EventRounds "11"]
[EventCountry "ISR"]
[SourceTitle "CBM 166"]
[Source "ChessBase"]
[SourceDate "2015.05.11"]
[SourceVersion "1"]
[SourceVersionDate "2015.05.11"]
[SourceQuality "1"]

1. d4 Nf6 2. c4 g6 3. Nc3 Bg7 4. Nf3 0-0 5. Bg5 d6 6. e3 Nbd7 7. Be2 e5 8. 0-0 c6 9. Qc2 Qc7 10. Rad1 Re8 11. b4 Nf8 12. d5 h6 13. Bxf6 Bxf6 14. c5 Be7 15. dxc6 bxc6 16. b5 dxc5 17. bxc6 Be6 18. Qa4 Red8 19. e4 Bd6 20. Nd2 Qe7 21. Bc4 Qg5 22. Bxe6 Nxe6 23. Nf3 Qh5 24. Nd5 Kg7 25. Rb1 g5 26. Rb7 g4 27. Nd2 Nd4 28. Ne3 Kh8 29. Qc4 Rf8 30. g3 Rac8 31. Nf5 Nxf5 32. exf5 Qxf5 33. Qd5 Rcd8 34. Nc4 Bc7 35. Qxc5 Bb6 36. Nxb6 axb6 37. Rxb6 h5 38. c7 Rc8 39. Qd6 Kg8 40. Rb8 h4 41. gxh4 Qc2 42. Qxe5 Qxc7 43. Qxc7 Rxc7 44. Rxf8+ Kxf8 45. a4 Ra7 46. Ra1 Ra5 47. Kg2 Kg7 48. h3 gxh3+ 49. Kxh3 Kh6 50. Kg4 f5+ 51. Kg3 Kg6 52. Kf4 Kh5 53. Ke3 Kxh4 54. Kd4 Kh3 55. Ra3+ Kg2 56. f4 Kf2 57. Kc4 Ke2 58. Kb4 Rd5 59. a5 Rd4+ 60. Kc5 Rxf4 61. a6 Re4 62. a7 Re8 63. a8Q Rxa8 64. Rxa8 f4 65. Kd4 f3 66. Ra2+ 1-0

[Event "Albena Masters op"]
[Site "Albena"]
[Date "2014.06.08"]
[Round "8"]
[White "Zalkind, Konstantin"]
[Black "Blagojevic, Tijana"]
[Result "0-1"]
[WhiteElo "2285"]
[BlackElo "2075"]
[PlyCount "66"]
[EventDate "2014.06.01"]
[EventType "swiss"]
[EventRounds "9"]
[EventCountry "BUL"]
[SourceTitle "CBM 160 Extra"]
[Source "ChessBase"]
[SourceDate "2014.07.01"]
[SourceVersion "1"]
[SourceVersionDate "2014.07.01"]
[SourceQuality "1"]

1. c4 e5 2. Nc3 Bb4 3. Nd5 a5 4. a3 Bc5 5. e3 Nc6 6. Ne2 d6 7. Nec3 Nge7 8. g3 Nxd5 9. cxd5 Ne7 10. Bg2 0-0 11. 0-0 Bd7 12. f4 c6 13. fxe5 dxe5 14. Ne4 Ba7 15. d6 Nd5 16. g4 Qh4 17. g5 Nf4 18. Bf3 Nh3+ 19. Kh1 Nxg5 20. Nxg5 Qxg5 21. b3 Qh6 22. Bb2 Qxd6 23. Qe2 Rae8 24. Rg1 Re6 25. Raf1 Bb8 26. Be4 Rf6 27. Qg2 g6 28. Rd1 Bf5 29. Bxf5 Rxf5 30. e4 Rf4 31. d4 exd4 32. Rxd4 Qe6 33. Rgd1 Be5 0-1

[Event "Albena Masters op"]
[Site "Albena"]
[Date "2014.06.05"]
[Round "5"]
[White "Shevchenko, Kirill"]
[Black "Zalkind, Konstantin"]
[Result "0-1"]
[WhiteElo "2076"]
[BlackElo "2285"]
[PlyCount "112"]
[EventDate "2014.06.01"]
[EventType "swiss"]
[EventRounds "9"]
[EventCountry "BUL"]
[SourceTitle "CBM 160 Extra"]
[Source "ChessBase"]
[SourceDate "2014.07.01"]
[SourceVersion "1"]
[SourceVersionDate "2014.07.01"]
[SourceQuality "1"]

1. e4 c5 2. Nf3 e6 3. d4 cxd4 4. Nxd4 Nc6 5. Nc3 Qc7 6. Be3 a6 7. Qd2 Nf6 8. 0-0-0 Be7 9. f3 d6 10. Kb1 h5 11. Be2 Rb8 12. f4 Ng4 13. Bg1 Bd7 14. h3 Nf6 15. Bf3 h4 16. Qe2 Rc8 17. e5 dxe5 18. fxe5 Nh7 19. Nxc6 Bxc6 20. Ne4 0-0 21. Nd6 Rcd8 22. Qc4 Ng5 23. Bxc6 Qxc6 24. Qxc6 bxc6 25. Rd3 f6 26. Bb6 Ra8 27. exf6 Rxf6 28. Be3 Rg6 29. Rhd1 Rf8 30. a3 Nh7 31. R1d2 Nf6 32. Nc4 Nd5 33. Ne5 Rg3 34. Nxc6 Bxa3 35. Rxa3 Nxe3 36. Rxa6 Nxg2 37. Ne7+ Kh7 38. Ra4 Nf4 39. Rf2 g5 40. Ra3 Rxa3 41. bxa3 Re8 42. Nc6 Nxh3 43. Rf7+ Kg8 44. Rf1 g4 45. Ne5 g3 46. Rf6 Nf2 47. Rh6 h3 48. Nf3 Kg7 49. Rh5 g2 50. Ng1 Kg6 51. Rh4 Kg5 52. Rh7 Kf4 53. a4 Rd8 54. Rf7+ Ke4 55. Nf3 h2 56. Ng5+ Kd5 0-1

[Event "Albena Masters op"]
[Site "Albena"]
[Date "2014.06.04"]
[Round "4"]
[White "Zalkind, Konstantin"]
[Black "Novoselski, Zoran"]
[Result "0-1"]
[WhiteElo "2285"]
[BlackElo "2374"]
[PlyCount "48"]
[EventDate "2014.06.01"]
[EventType "swiss"]
[EventRounds "9"]
[EventCountry "BUL"]
[SourceTitle "CBM 160 Extra"]
[Source "ChessBase"]
[SourceDate "2014.07.01"]
[SourceVersion "1"]
[SourceVersionDate "2014.07.01"]
[SourceQuality "1"]

1. c4 b6 2. d4 e6 3. e4 Bb7 4. Nc3 Bb4 5. Bd3 f5 6. d5 fxe4 7. Bxe4 Nf6 8. Bf3 Bxc3+ 9. bxc3 e5 10. Bh5+ g6 11. Be2 d6 12. h4 Qe7 13. h5 Nbd7 14. hxg6 0-0-0 15. gxh7 Rxh7 16. Rxh7 Qxh7 17. Qd3 Qh1 18. Kf1 Rh8 19. Bg5 Nc5 20. Qf5+ Nfd7 21. Bg4 Ba6 22. Be2 Kb8 23. f3 e4 24. Kf2 Rh2 0-1

[Event "Albena Masters op"]
[Site "Albena"]
[Date "2013.06.09"]
[Round "9"]
[White "Zalkind, Konstantin"]
[Black "Arngrimsson, Dagur"]
[Result "1-0"]
[WhiteElo "2211"]
[BlackElo "2396"]
[PlyCount "95"]
[EventDate "2013.06.01"]
[EventType "swiss"]
[EventRounds "9"]
[EventCountry "BUL"]
[SourceTitle "EXT 2014"]
[Source "ChessBase"]
[SourceDate "2013.11.20"]
[SourceVersion "1"]
[SourceVersionDate "2013.11.20"]
[SourceQuality "1"]

1. c4 c6 2. e4 d5 3. exd5 cxd5 4. cxd5 Nf6 5. Qa4+ Nbd7 6. Nc3 g6 7. Nf3 Bg7 8. Bc4 a6 9. d3 0-0 10. Qa3 Nb6 11. Qb3 Nxc4 12. dxc4 b5 13. 0-0 bxc4 14. Qxc4 e6 15. dxe6 Bxe6 16. Qh4 Ng4 17. Bg5 f6 18. Rad1 Qb6 19. Bc1 Rfd8 20. Rfe1 g5 21. Qg3 h5 22. h4 gxh4 23. Qxh4 Rac8 24. Nh2 Rxd1 25. Rxd1 Bf8 26. Ne4 Bg7 27. Qxh5 Nxh2 28. Kxh2 Bxa2 29. Bf4 Qe6 30. f3 f5 31. Rd6 Qf7 32. Qh3 Bxb2 33. Rb6 Qg7 34. Nd6 Be5 35. Nxc8 Bxf4+ 36. g3 Be3 37. Rg6 Qxg6 38. Ne7+ Kf7 39. Nxg6 Kxg6 40. Qf1 Be6 41. Qxa6 Kf7 42. Qb7+ Kf6 43. Qh7 Bf7 44. g4 fxg4 45. fxg4 Be6 46. Qh8+ Kf7 47. Qe5 Bh6 48. Qh5+ 1-0

[Event "Albena Masters op"]
[Site "Albena"]
[Date "2013.06.08"]
[Round "8"]
[White "Sagar, Shah"]
[Black "Zalkind, Konstantin"]
[Result "0-1"]
[WhiteElo "2359"]
[BlackElo "2211"]
[PlyCount "116"]
[EventDate "2013.06.01"]
[EventType "swiss"]
[EventRounds "9"]
[EventCountry "BUL"]
[SourceTitle "EXT 2014"]
[Source "ChessBase"]
[SourceDate "2013.11.20"]
[SourceVersion "1"]
[SourceVersionDate "2013.11.20"]
[SourceQuality "1"]

1. c4 Nf6 2. Nf3 e6 3. g3 c5 4. Bg2 Nc6 5. 0-0 d5 6. b3 Be7 7. Bb2 0-0 8. e3 b6 9. Nc3 Bb7 10. cxd5 Nxd5 11. Nxd5 Qxd5 12. d4 Rfd8 13. Ne5 Qd6 14. dxc5 Qxc5 15. Qe2 Nxe5 16. Bxb7 Rab8 17. Qa6 Nd3 18. Bd4 Qc7 19. Bg2 Nb4 20. Qb5 Rbc8 21. Qh5 Qc2 22. a3 Nd5 23. b4 Bf6 24. Bxf6 Nxf6 25. Qf3 h6 26. h3 Rd2 27. Qb7 Rc7 28. Qb8+ Kh7 29. a4 Nd5 30. Bxd5 Rxd5 31. a5 b5 32. a6 Rcd7 33. Qf4 Rf5 34. Rac1 Rxf4 35. Rxc2 Rxb4 36. Ra1 Kg6 37. Ra5 Rb1+ 38. Kg2 b4 39. Rb5 Rd6 40. Rc4 Rxa6 41. Rcxb4 Rxb4 42. Rxb4 Rb6 43. Ra4 a6 44. g4 Kf6 45. Ra5 Ke7 46. h4 Kd7 47. h5 Kc7 48. f4 Kb7 49. Kf3 Rb5 50. Ra1 a5 51. e4 Kb6 52. e5 Rb3+ 53. Ke4 Rb4+ 54. Kf3 a4 55. f5 Kc6 56. Rd1 a3 57. Rd6+ Kb5 58. fxe6 fxe6 0-1

[Event "Albena Masters op"]
[Site "Albena"]
[Date "2013.06.02"]
[Round "2"]
[White "Karaivanov, Aleksander"]
[Black "Zalkind, Konstantin"]
[Result "1/2-1/2"]
[WhiteElo "1894"]
[BlackElo "2211"]
[PlyCount "206"]
[EventDate "2013.06.01"]
[EventType "swiss"]
[EventRounds "9"]
[EventCountry "BUL"]
[SourceTitle "CBM 154 Extra"]
[Source "ChessBase"]
[SourceDate "2013.06.25"]
[SourceVersion "2"]
[SourceVersionDate "2013.06.25"]
[SourceQuality "1"]

1. d4 Nf6 2. Nf3 e6 3. Bg5 h6 4. Bxf6 Qxf6 5. e4 d6 6. Bd3 e5 7. c3 g6 8. Nbd2 Bg7 9. h3 Nd7 10. Qe2 c6 11. Nc4 Qe7 12. Ne3 Nf6 13. d5 cxd5 14. Nxd5 Nxd5 15. exd5 Bd7 16. Bb5 a6 17. Bxd7+ Qxd7 18. Nd2 Rc8 19. 0-0 0-0 20. Rfd1 f5 21. Rac1 Rfe8 22. Nf3 Qb5 23. Qxb5 axb5 24. a3 Rc5 25. Ne1 Kf7 26. f3 e4 27. f4 g5 28. g3 gxf4 29. gxf4 e3 30. Ng2 Re4 31. Rd3 h5 32. Kf1 Bh6 33. Ke2 Bxf4 34. Rf1 Bh6 35. Rxf5+ Kg6 36. Rf3 Re5 37. Nxe3 Bxe3 38. Rfxe3 Rcxd5 39. Rxd5 Rxd5 40. Re4 Kf5 41. Rh4 Kg5 42. Rb4 Kf5 43. Ke3 Re5+ 44. Kf3 Rd5 45. Rf4+ Ke5 46. Rh4 Kf6 47. Rd4 Rxd4 48. cxd4 Kg5 49. Ke4 Kh4 50. Kd5 Kxh3 51. Kxd6 h4 52. Kc7 Kg4 53. d5 h3 54. d6 h2 55. d7 h1Q 56. d8Q Qc1+ 57. Kxb7 Qxb2 58. Qf8 Qe5 59. Kb6 Kh3 60. Qc8+ Kh4 61. Qc5 Qb8+ 62. Ka5 Kh3 63. Qxb5 Qa7+ 64. Kb4 Qd4+ 65. Kb3 Qe3+ 66. Ka2 Kh4 67. a4 Qd2+ 68. Qb2 Qd5+ 69. Ka3 Qc6 70. Qb4+ Kh3 71. a5 Qc1+ 72. Kb3 Qd1+ 73. Kc4 Qe2+ 74. Kc5 Qe7+ 75. Kb5 Qd7+ 76. Ka6 Qc6+ 77. Qb6 Qa8+ 78. Kb5 Qd5+ 79. Ka4 Qa2+ 80. Kb5 Qd5+ 81. Kb4 Qd2+ 82. Ka3 Qc1+ 83. Ka2 Qd2+ 84. Ka3 Qc1+ 85. Qb2 Qc5+ 86. Qb4 Qc1+ 87. Ka2 Qc6 88. Kb2 Qa6 89. Kc3 Qf6+ 90. Kd3 Qf1+ 91. Ke4 Qe2+ 92. Kf5 Qh5+ 93. Ke6 Qg6+ 94. Kd7 Qf5+ 95. Kc7 Qe5+ 96. Kb7 Qd5+ 97. Ka7 Qd7+ 98. Qb7 Qd4+ 99. Kb8 Qe5+ 100. Qc7 Qb2+ 101. Kc8 Qh8+ 102. Qd8 Qc3+ 103. Kb7 Qb3+ 1/2-1/2

[Event "Albena Masters op"]
[Site "Albena"]
[Date "2013.06.01"]
[Round "1"]
[White "Zalkind, Konstantin"]
[Black "Parligras, Mircea Emilian"]
[Result "0-1"]
[WhiteElo "2211"]
[BlackElo "2565"]
[PlyCount "86"]
[EventDate "2013.06.01"]
[EventType "swiss"]
[EventRounds "9"]
[EventCountry "BUL"]
[SourceTitle "CBM 154 Extra"]
[Source "ChessBase"]
[SourceDate "2013.06.25"]
[SourceVersion "2"]
[SourceVersionDate "2013.06.25"]
[SourceQuality "1"]

1. d4 Nf6 2. c4 e6 3. Nf3 b6 4. g3 Bb7 5. Bg2 c5 6. d5 exd5 7. Nh4 g6 8. cxd5 Bg7 9. 0-0 0-0 10. Nc3 d6 11. Qb3 Re8 12. Bd2 a6 13. a4 Nbd7 14. Rfe1 Qc7 15. Qc2 c4 16. b4 cxb3 17. Qxb3 Nc5 18. Qc4 Rac8 19. Rab1 Ncd7 20. Qxc7 Rxc7 21. Rec1 Rec8 22. Bh3 Kf8 23. Nf3 Ke7 24. e4 h5 25. Ne1 Ng4 26. Ne2 Rxc1 27. Rxc1 Rxc1 28. Nxc1 Nc5 29. f3 Ne5 30. Bf1 Nxa4 31. Nb3 Nd7 32. Nc2 Nac5 33. Nbd4 Ne5 34. Kg2 Bc8 35. Bb4 Bd7 36. Ba3 Ba4 37. Nb4 a5 38. Na2 Ned3 39. Nc6+ Kd7 40. Bxd3 Nxd3 41. Kf1 Bxc6 42. dxc6+ Kxc6 43. Ke2 Nc5 0-1

[Event "ISR-ch"]
[Site "Acre"]
[Date "2013.04.13"]
[Round "8"]
[White "Zalkind, Konstantin"]
[Black "Birnboim, Nathan"]
[Result "1-0"]
[WhiteElo "2254"]
[BlackElo "2370"]
[PlyCount "87"]
[EventDate "2013.04.06"]
[EventType "swiss"]
[EventRounds "9"]
[EventCountry "ISR"]
[SourceTitle "CBM 153 Extra"]
[Source "ChessBase"]
[SourceDate "2013.04.22"]
[SourceVersion "1"]
[SourceVersionDate "2013.04.22"]
[SourceQuality "1"]

1. d4 e6 2. c4 b6 3. d5 Bb7 4. a3 Nf6 5. Nc3 Bd6 6. Nf3 0-0 7. g3 c6 8. Bg2 cxd5 9. cxd5 exd5 10. 0-0 Na6 11. Nh4 Nc7 12. e4 Be5 13. Nxd5 Nfxd5 14. exd5 Qf6 15. Rb1 Rfe8 16. Be3 Bxb2 17. Qc2 Be5 18. Rfd1 Rec8 19. Qa4 d6 20. Qd7 Qd8 21. Qg4 Ne8 22. Nf5 Rc7 23. Qe2 Rac8 24. Nd4 Bxd4 25. Rxd4 Rc2 26. Qg4 Nf6 27. Qh4 Qe8 28. Bf3 Qe5 29. Rbd1 Qf5 30. Rf4 Qg6 31. Ra4 Qf5 32. Qf4 Qxf4 33. Bxf4 a6 34. Bxd6 b5 35. Rad4 Ne8 36. Bb4 Rd8 37. Be4 Ra2 38. d6 Bxe4 39. Rxe4 Nf6 40. Re7 Rc2 41. Ra7 h6 42. d7 Ne4 43. Ba5 Nxf2 44. Bxd8 1-0

[Event "ISR-ch"]
[Site "Acre"]
[Date "2013.04.11"]
[Round "6"]
[White "Shvayger, Yuliya"]
[Black "Zalkind, Konstantin"]
[Result "1-0"]
[WhiteElo "2273"]
[BlackElo "2254"]
[PlyCount "79"]
[EventDate "2013.04.06"]
[EventType "swiss"]
[EventRounds "9"]
[EventCountry "ISR"]
[SourceTitle "CBM 153 Extra"]
[Source "ChessBase"]
[SourceDate "2013.04.22"]
[SourceVersion "1"]
[SourceVersionDate "2013.04.22"]
[SourceQuality "1"]

1. e4 c6 2. d4 d5 3. e5 Bf5 4. Nf3 e6 5. Be2 Nd7 6. 0-0 h6 7. Nbd2 Ne7 8. Nb3 Nc8 9. a4 Be7 10. a5 a6 11. Ne1 0-0 12. Bg4 Bxg4 13. Qxg4 Kh7 14. Nd3 Qc7 15. Be3 Na7 16. f4 f5 17. exf6 Rxf6 18. Ne5 Nb5 19. Rae1 Raf8 20. Bd2 Qd8 21. Nd3 Nc7 22. Rf3 Qe8 23. Rh3 Qg6 24. Qe2 Bd6 25. Be3 Nb5 26. Nd2 Bc7 27. Ra1 c5 28. Nf3 cxd4 29. Nxd4 Qe4 30. Nf3 Kg8 31. c3 Nd6 32. Nfe5 Nb8 33. Nc5 Qh7 34. Ned7 Nxd7 35. Nxd7 R6f7 36. Nxf8 Rxf8 37. Bc5 Re8 38. Qh5 Rd8 39. Qe5 Qf5 40. Bxd6 1-0

[Event "ISR-ch"]
[Site "Acre"]
[Date "2013.04.10"]
[Round "5"]
[White "Katzir, Moshe"]
[Black "Zalkind, Konstantin"]
[Result "1/2-1/2"]
[WhiteElo "2201"]
[BlackElo "2254"]
[PlyCount "92"]
[EventDate "2013.04.06"]
[EventType "swiss"]
[EventRounds "9"]
[EventCountry "ISR"]
[SourceTitle "CBM 153 Extra"]
[Source "ChessBase"]
[SourceDate "2013.04.22"]
[SourceVersion "1"]
[SourceVersionDate "2013.04.22"]
[SourceQuality "1"]

1. e4 c6 2. d4 d5 3. e5 Bf5 4. Nf3 e6 5. Be2 Nd7 6. 0-0 h6 7. Nbd2 Ne7 8. Nb3 Nc8 9. a4 a5 10. Be3 Be7 11. Nfd2 Ncb6 12. g4 Bh7 13. f4 f5 14. Bd3 0-0 15. Kh1 Kh8 16. Rg1 Qe8 17. Qe2 Qf7 18. g5 h5 19. Nf3 g6 20. Qe1 Ra7 21. Nxa5 Rfa8 22. Bd2 c5 23. dxc5 Nxc5 24. b4 Nxd3 25. cxd3 Bd8 26. Be3 Ra6 27. Nd4 Qd7 28. Qd1 Nc8 29. Bd2 Ne7 30. Nab3 b6 31. a5 R6a7 32. Qe2 Bg8 33. Rgc1 Bf7 34. Ra2 Rc7 35. Rca1 bxa5 36. bxa5 Nc6 37. Nb5 Rcc8 38. Nd6 Rcb8 39. Nc5 Qe7 40. Nxf7+ Qxf7 41. a6 Bb6 42. Nb7 Nd8 43. Nd6 Qd7 44. Ra4 Nf7 45. Nxf7+ Qxf7 46. Bc3 Qc7 1/2-1/2

[Event "ISR-ch"]
[Site "Acre"]
[Date "2013.04.07"]
[Round "2"]
[White "Zalkind, Konstantin"]
[Black "Boruchovsky, Avital"]
[Result "1/2-1/2"]
[WhiteElo "2254"]
[BlackElo "2445"]
[PlyCount "181"]
[EventDate "2013.04.06"]
[EventType "swiss"]
[EventRounds "9"]
[EventCountry "ISR"]
[SourceTitle "CBM 153 Extra"]
[Source "ChessBase"]
[SourceDate "2013.04.22"]
[SourceVersion "1"]
[SourceVersionDate "2013.04.22"]
[SourceQuality "1"]

1. d4 Nf6 2. c4 c5 3. e3 g6 4. Nc3 Bg7 5. Nf3 0-0 6. Be2 e6 7. 0-0 b6 8. b3 Bb7 9. Bb2 d6 10. Qc2 Nc6 11. Rad1 Qe7 12. Qb1 Rfd8 13. Qa1 cxd4 14. Nxd4 Nxd4 15. Rxd4 Nd7 16. Rdd1 Qg5 17. g3 Qf5 18. f3 Qc5 19. Qc1 Ne5 20. f4 Qc6 21. e4 Nd7 22. Bf3 a6 23. Qd2 Qc5+ 24. Kg2 b5 25. Qxd6 bxc4 26. e5 Bxf3+ 27. Rxf3 Bf8 28. Qxc5 Nxc5 29. bxc4 Rxd1 30. Nxd1 Rd8 31. Nf2 Rd2 32. Ba3 Rxa2 33. Kf1 Rc2 34. Bxc5 Bxc5 35. Ne4 Rxc4 36. Nf6+ Kg7 37. g4 h6 38. g5 hxg5 39. fxg5 Be7 40. Rh3 Bxf6 41. exf6+ Kg8 42. Ra3 Rc5 43. h4 a5 44. Kf2 Kf8 45. Rb3 Rc8 46. Ra3 Ra8 47. h5 gxh5 48. Kg3 Kg8 49. Kh4 Kh7 50. Kxh5 a4 51. Kg4 Rb8 52. Rh3+ Kg8 53. Ra3 Rb4+ 54. Kh5 Kh7 55. Ra1 Rb2 56. Rxa4 Rh2+ 57. Kg4 Kg6 58. Ra8 Rg2+ 59. Kf4 e5+ 60. Kxe5 Rxg5+ 61. Kf4 Rf5+ 62. Kg4 Rxf6 63. Ra4 Rb6 64. Kf4 Kf6 65. Rc4 Kg6 66. Ra4 Rb1 67. Kg4 Rb5 68. Rc4 Kf6 69. Rf4+ Kg6 70. Ra4 Rb8 71. Rc4 Rh8 72. Ra4 f5+ 73. Kf3 Rh3+ 74. Kg2 Rb3 75. Kf2 Kg5 76. Rc4 Kf6 77. Ra4 Rb5 78. Kf3 Kg5 79. Rc4 Rb7 80. Ra4 Rb1 81. Rc4 Ra1 82. Rb4 Ra5 83. Kg3 Rc5 84. Ra4 Rc3+ 85. Kf2 Rb3 86. Rc4 Rb5 87. Ra4 f4 88. Ra8 Rb2+ 89. Kf3 Rb3+ 90. Kf2 Kg4 91. Rg8+ 1/2-1/2

[Event "ISR-chT 13"]
[Site "Israel"]
[Date "2013.01.11"]
[Round "5.5"]
[White "Zilberman, Yaacov"]
[Black "Zalkind, Konstantin"]
[Result "1/2-1/2"]
[WhiteElo "2388"]
[BlackElo "2246"]
[PlyCount "80"]
[EventDate "2012.12.21"]
[EventType "team"]
[EventRounds "11"]
[EventCountry "ISR"]
[SourceTitle "EXT 2014"]
[Source "ChessBase"]
[SourceDate "2013.11.20"]
[SourceVersion "1"]
[SourceVersionDate "2013.11.20"]
[SourceQuality "1"]

1. Nf3 Nf6 2. c4 e6 3. d4 Bb4+ 4. Nc3 b6 5. e3 Bb7 6. Bd3 Ne4 7. Qc2 f5 8. 0-0 Bxc3 9. bxc3 0-0 10. Ne1 c5 11. f3 Nd6 12. Qe2 Qe7 13. Nc2 e5 14. dxe5 Qxe5 15. Bd2 Nc6 16. Be1 Rae8 17. Rd1 Qe6 18. Bg3 Ne5 19. Na3 Qf6 20. Bc2 Re6 21. Bb3 a6 22. Ba4 Qe7 23. Bxe5 Rxe5 24. Qb2 b5 25. cxb5 Rxe3 26. Rxd6 Qxd6 27. Nc4 Qe7 28. Nxe3 Qxe3+ 29. Kh1 d5 30. Rd1 Re8 31. h3 axb5 32. Bxb5 Re7 33. Bf1 h6 34. a4 c4 35. Qb4 Kh7 36. a5 d4 37. Rxd4 Bxf3 38. Qxc4 Be4 39. Kh2 Qf4+ 40. Kg1 Qe3+ 1/2-1/2